000 00589nam a2200205Ia 4500
005 20250923144647.0
008 008 250917s9999 xx 000 0 eng d
037 _aTextual
040 _aDSWL
_beng
_cDSWL
041 _aeng
_2eng
084 _aYX;3d,M59, N59
_qDSWL
100 _aLipman, V.D.
_9827106
245 2 _aA century of social service, 1859-1969
_cby V.D. Lipman
260 _aLondon
_bRoutledge & Kegan Paul
_c1959
300 _axiv,301p.
365 _aINR
_b30
925 _g30
942 _cTEXL
_hYX;3d,M59, N59
999 _c1441744
_d1441744